Deutsche Youtuber an beliebtesten Videos erkennen #2 - Statistiken

Allgemein
  • Dieses Quiz wurde 195 mal gespielt
  • Das Durchschnittsergebnis liegt bei 4 aus 10
Antwortstatistiken
Video Youtuber % Korrekt
FUSSBALL CHALLENGE MIT SIDNEY, WILLY & MARLON🔥⚽️ Ich bin ein magischer Spieler🪄 200k Abo Special EliasN97
72%
24 STUNDEN MINECRAFT AM STÜCK SPIELEN (WAS KANN ICH SCHAFFEN?) BastiGHG
56%
Let's Play Minecraft #001 [Deutsch] [HD] - Alles auf Anfang Gronkh
51%
FORTNITE AUSRASTER bringt mich in die KRANKENHAUS NOTAUFNAHME.. rewinside
46%
Ansage an alle Fans, Hater und YouTube Spinner - Zahnlückenjonny - Musikvideo Tanzverbot
43%
Ich war 78 Tage Live... Lets Hugo
39%
Madeira zu Fuß komplett überqueren Extended Fritz Meinecke
34%
EIN ANDERES WORT FÜR!! unsympathischTV
34%
10 Coole PIZZA Lifehacks NAME Lifehacks Emrah
19%
10 Dinge, die Mädchen tun (aber niemandem erzählen) Kelly missesvlog
9%
Keine übereinstimmenden Quizze gefunden
Verteilung der Resultate
Anzahl Personen mit jedem Resultat
Perzentil nach korrekt beantworteten Fragen
Ihre Resultats-Entwicklung
Sie haben dieses Quiz noch nicht gespielt